[Event "George Marx Memorial 3rd"]
[Site "Paks"]
[Date "2005.06.20"]
[Round "8"]
[White "Almasi, Zoltan"]
[Black "Sasikiran, Krishnan"]
[Result "0-1"]
[WhiteElo "2628"]
[BlackElo "2642"]
[Annotator "Erenburg,S"]
[PlyCount "80"]
[EventDate "2005.06.12"]
[EventType "tourn"]
[EventRounds "10"]
[EventCountry "HUN"]
[EventCategory "15"]
[SourceTitle "CBM 108"]
[Source "ChessBase"]
[SourceDate "2005.09.26"]
[SourceVersion "1"]
[SourceVersionDate "2005.09.26"]
[SourceQuality "1"]

{[%mdl 2048]} 1. e4 c5 2. Nf3 d6 3. d4 cxd4 4. Nxd4 Nf6 5. Nc3 Nc6 6. Bg5 e6 7.
Qd2 a6 8. O-O-O Bd7 {preparing b7-b5 advance. Other possibilities are:} (8...
Be7 9. Bxf6 {After Black played Be7 it is a logical decision to capture on f6,
ashe doesn't have the option of Bh6 anymore.} gxf6 10. f4 {taking control over
the e5 square, and, at the same time, preparing to attack Black's pawn
construction with f4-f5.} Bd7 11. Kb1 {Prophylactic move.} b5 12. Nxc6 {
It is important to eliminate Black's knight possinility to occupy the e5
square, thus, White will be able to carry out f4-f5.} Bxc6 13. Bd3 {
strengthening the e4 pawn. This type of positions isn't simple for evaluation.
White has got superior pawn structure, while Black has got a pair of bishops.
White's main plan is to put pressure on the Black's e6 pawn, which covers an
important square d5. In opposite, Black's play is connected with the attack on
the White's monarch through moving forward the "a" and "b" pawns.} Qb6 14. f5
O-O-O {See 1-0 Erenburg,S-Tyomkin,D/Beer Sheva 2004/CBM 104_01/[Erenburg] (45)}
) (8... h6 {See 1-0 Shmuter,L-Greenfeld,A/Rishon Le Ziyyon 1996/CBM 53/
[Shmuter] (34)}) 9. f4 h6 {trying to get a pair of bishops.} (9... Be7 10. Nf3
{preparing to carry out e4-e5.} b5 11. Bxf6 gxf6 12. f5 {Typical plan for this
pawn structure. White is going to press Black's e6 pawn, trying to occupy the
d5 square.} Qb6 {occupying an important diagonal a7-g1, and, at the same time,
preparing long castle.} 13. g3 {preparing the transfer of light-squared bishop
to h3, from where it will press Black's e6 pawn.} b4 $1 14. Ne2 Qf2 $1 $11 {
See 1/2-1/2 Erenburg,S-Avrukh,B/ch-ISR, Ramat Aviv ISR 2004/[Erenburg] (32)}) (
9... b5 {See  1-0 Tseshkovsky,V-Malakhov,V/Ekaterinburg 2002/CBM 90/[Tyomkin,D]
(50)}) (9... Nxd4 10. Qxd4 Bc6 11. f5 $1 exf5 12. e5 $1 dxe5 13. Qxe5+ Qe7 14.
Qxf5 Qe6 15. Qa5 $1 Be7 16. Nb5 O-O 17. Nc7 Qg4 18. Nxa8 Rxa8 19. h3 $16 {
See 1-0 Tseshkovsky,V-Govedarica,R/Tivat 1995/CBM 048 ext/[Dolmatov] (45)}) 10.
Bh4 {The most principle continuation. Probably, Black's position is absolutely
OK after} (10. Bxf6 Qxf6 11. Nf3 Qd8 12. g4 $5 Qa5 $5 13. h4 O-O-O 14. Bg2 g6
$6 (14... Be7 $10) (14... Qc5 $10) 15. Qe3 Kb8 16. Rd2 Qc7 17. Rhd1 Na5 18. Bf1
$14 {1-0 Shirov,A-Dreev,A/Biel 1993/CBM 037/[Shirov] (61)}) 10... g5 {Black
forces White to take on g5 with "f" pawn, which makes possible the occupation
of e5 square with the knight. Black has the following alternatives:} (10... Be7
11. Nf3 Rc8 12. Kb1 Nb8 13. Bd3 Bc6 14. e5 $5 $146 dxe5 15. Nxe5 {1-0
Khalifman,A-Aseev,K/St Petersburg 1997/CBM 059/[Gofshtein,L] (38)}) (10... Rc8
11. Nf3 Qa5 12. Kb1 b5 13. e5 $1 $16 b4 14. exf6 $1 $18 {1-0 Tiviakov,S-Piket,
J/Wijk aan Zee 1996/CBM 051/[Boensch,U] (26)}) (10... Nxe4 11. Qe1 Nf6 12. Nf5
Qa5 13. Nxd6+ Bxd6 14. Rxd6 O-O-O 15. Rd2 Ne7 16. Qe5 Qxe5 17. fxe5 {1/2-1/2
Larsen,B-Donner,J/Santa Monica 1966/MCL/[Ftacnik] (58)}) 11. fxg5 Ng4 12. Be2 (
12. Nf3 {1/2-1/2 Short,N-Kasparov,G/London 1993/CBM 036/[Ftacnik] (51)}) 12...
Nge5 13. Nxc6 {Another attempt to fight for an advantage is} (13. Nf3 {1-0
Adams,M-Kozul,Z/Luzern 1997/CBM 062/[Gofshtein,L] (46) Gofshtein,L}) 13... Bxc6
(13... bxc6 14. g3 Ng6 15. Rdf1 Rb8 16. Bh5 Qb6 17. b3 hxg5 18. Bxg6 gxh4 19.
Rxf7 Kd8 20. Qg5+ Kc7 21. Qf6 Bh6+ 22. Kb1 hxg3 23. hxg3 Qe3 24. e5 Bg5 25.
Rxd7+ Kxd7 26. Qg7+ {1-0 Svidler,P-Stefansson,H/Gausdal 1991/TD (26)}) 14. g3 {
protecting the dark-squared bishop. Another option is} (14. Kb1 {1-0 Akopian,
V-Lugovoi,A/Sochi 2004/CBM 101/[Gofshtein,L] (32)}) 14... Ng6 15. Kb1 {
Prophylactic move. Other logical continuations are:} (15. Rhf1 $5 Nxh4 (15...
Be7 16. gxh6 Nxh4 17. gxh4 Bf8 (17... Bxh4 18. Rg1 $1 $16) 18. Qd4 $1 Rxh6 19.
h5 Qg5+ 20. Kb1 Qe5 21. Qb6 $1 $16 {Almasi,Z-Gabriel,C Altensteig (07) 1994
1-0 36 - CBM 43}) 16. gxh4 hxg5 17. hxg5 Rxh2 (17... Be7 $142 18. Rg1 Qa5 19.
Qf4 Qe5 20. Qxe5 dxe5 21. g6 $16) 18. Rxf7 $1 (18. Qf4 Rh7 19. g6 $2 Bh6 20.
gxh7 Qf6 $1 21. Kb1 Bxf4 22. Rxf4 Qh6 $19) 18... Kxf7 19. Qf4+ Ke8 20. Qxh2
Qxg5+ 21. Kb1 $14) (15. Rdf1 Qa5 (15... Be7 16. gxh6 Nxh4 17. gxh4 Bf8 $1 18.
Qd4 Rxh6 19. h5 Qg5+ 20. Kb1 Qc5 21. Qd3 b5 $14) (15... Nxh4 16. gxh4 Be7 17.
Rhg1 $1 hxg5 18. hxg5 Rxh2 19. g6 $16) 16. Bh5 Be7 17. Bxg6 fxg6 18. Qd4 Qe5
19. Qxe5 dxe5 20. g4 $10 {Wells,P-Kozul,Z Bled op (05) 1995 0-1 32 - EXP 46})
15... Qa5 $1 $146 {[%cal Gf8g7,Ya5e5] Brilliant decision. Black moves away the
queen from the h4-d8 diagonal, and, at the same time, prepares the pressure on
White's queenside.} (15... h5 16. Rhf1 Qc7 17. e5 O-O-O 18. Bd3 Nxh4 19. gxh4
Bg7 20. Qf2 Rhf8 21. exd6 Rxd6 $13 {1-0 Tseshkovsky,V-Fahnenschmidt,G/
Baden-Baden 1988/TD (43)}) (15... Be7 16. gxh6 Bxh4 17. gxh4 Qxh4 18. Qxd6 Rxh6
$2 (18... Qf4 19. Qc5 Rxh6 20. Rhf1 Qe5 21. Qf2 Qc7 22. Bg4 (22. Rd6 $1 $16)
22... Rxh2 23. Qf6 $14 {Marjanovic,S-Popovic,P Belgrade 1987 1/2 43}) 19. Bxa6
$1 $18 {1-0 Brodsky,M-Nevednichy,V/Bucharest 1995/CBM 048/[Boensch,U] (34)})
16. Rhf1 {Other moves are not better:} (16. gxh6 Nxh4 17. gxh4 Qe5 $15) (16.
Nd5 {doesn't work in view of} Qxd2 17. Nf6+ Ke7 18. Rxd2 Nxh4 19. gxh4 Bg7 $15)
16... hxg5 17. Bxg5 (17. Qxg5 Qxg5 18. Bxg5 Rxh2 $15) 17... Rxh2 $13 {
Strategically, Black's position is excellent. His pieces are located not bad
at all, his pawn structure is much better. But, his king is in the centre...}
18. Bf6 {occupying a long diagonal.} (18. Nd5 Qxd2 19. Nf6+ (19. Nc7+ Kd7 20.
Rxf7+ Be7 21. Rxd2 Rf8 $17) 19... Kd8 20. Rxd2 Be7 $15) 18... b5 19. Qe3 $2 {
[%mdl 8192] A mistake, which allows Black to get an obvious advantage.} ({
Much better was} 19. Qg5 {, preventing Black's b5-b4.} Bh6 20. Qg4 Bf8 {
[%cal Yb5b4]} (20... b4 $2 21. Rxd6 $16 {[%cal Gd6e6]}) 21. Rh1 (21. Qg5 $11)
21... Rxh1 22. Rxh1 b4 23. Rh5 Qb6 24. Nd1 Be7 $13) {[%tqu "En","Please find
the best move for black.","","","b5b4","",10]} 19... b4 $1 20. Nd5 {[%tqu "En",
"How can black get a material advantage?","","","h2e2","",10]} Rxe2 $1 21. Qxe2
{[%tqu "En","And final accord is...","","","c6b5","",10]} Bb5 $1 {getting two
light pieces for a rook.} 22. c4 (22. Qf3 {isn't better, than the move in the
game:} Bxf1 23. Rxf1 exd5 24. exd5 Rc8 25. Qe4+ Be7 $17) 22... bxc3 23. Qf2 (
23. Bxc3 {doesn't change an evaluation of the position:} exd5 (23... Bxe2 $2
24. Nf6+ Ke7 25. Ng8+ Ke8 26. Nf6+ $11) 24. Qe1 Qc7 25. exd5+ Ne5 $17) 23...
exd5 ({But not} 23... Bxf1 $4 24. Bxc3 $1 $16 {[%cal Gd5f6]}) 24. Bxc3 Qc7 $17
{Black has two light pieces for a rook. In spite of his king is located in the
centre, White doesn't have any concrete threats.} 25. Rfe1 d4 $1 {Of course,
it is a right decision to sacrifice the pawn, closing the "e" file.} ({Less
clear is} 25... dxe4 26. Rxe4+ Be7 27. Qf6 Rd8 $17) 26. Bxd4 Rc8 27. Bc3 (27.
Rc1 Bd3+ $19) ({Worth consideration:} 27. Re3 $17) 27... Bc4 $1 {Light-squared
bishop is located better on a2-g8 diagonal, as it helps Black to create
threats against White monarch, as well as it protects Black's monarch position.
} 28. Qd4 Qc6 29. Qd2 Be6 {preparing c4 square for the knight.} ({Worth
consideration:} 29... Ne5 {[%cal Ge5f3,Yc4e6,Ye5c4]} 30. Bxe5 dxe5 31. b3 Qb5
$19 {[%cal Gc4e6]}) 30. Rc1 Qb5 31. Bd4 $2 {allows Black to get a decisive
advantage.} ({Last chance was} 31. Bf6 Rxc1+ 32. Qxc1 Be7 33. Bxe7 Nxe7 34. Qc3
$17) 31... Rxc1+ 32. Rxc1 Bh6 $1 {Black eliminates one of the most important
protectors of White's king.} 33. Qxh6 Qd3+ 34. Rc2 Qxd4 35. Qd2 (35. Qh1 Qd3
36. b3 d5 $19 {[%cal Ye6f5]}) 35... Qxe4 {Of course, Black keeps the queens on
the board.} 36. Qe2 Qd5 ({A bit worse is} 36... Bf5 37. Kc1 {objectively, the
position is lost, but White keeps some practical chances.}) 37. b3 Ne5 $19 {
Black's material advantage is enough to win the game, also, his pieces are
coordinated excellently. The rest needs no comment.} 38. Qh5 Kd7 39. Qh8 Qd1+
40. Kb2 (40. Rc1 Bf5+ $19) 40... Nd3+ {winning the queen.} (40... Nd3+ 41. Kc3
(41. Ka3 Qxc2 $19) 41... Qa1+ $19) 0-1

[Event "EU-ch 6th"]
[Site "Warsaw"]
[Date "2005.06.22"]
[Round "5"]
[White "Bologan, Viktor"]
[Black "Kotronias, Vasilios"]
[Result "1/2-1/2"]
[WhiteElo "2700"]
[BlackElo "2578"]
[Annotator "Erenburg,S"]
[PlyCount "96"]
[EventDate "2005.06.18"]
[EventType "swiss"]
[EventRounds "13"]
[EventCountry "POL"]
[SourceTitle "CBM 108"]
[Source "ChessBase"]
[SourceDate "2005.09.26"]
[SourceVersion "1"]
[SourceVersionDate "2005.09.26"]
[SourceQuality "1"]

{[%mdl 264]} 1. e4 c5 2. Nf3 Nc6 3. d4 cxd4 4. Nxd4 Nf6 5. Nc3 d6 6. Bg5 e6 7.
Qd2 a6 8. O-O-O Bd7 9. f4 b5 10. Bxf6 gxf6 11. Kb1 {Prophylactic move, which
moves away the monarch from the c1-h6 diagonal.} ({Another possibility is:} 11.
Nxc6 Bxc6 12. Qe1 {[%cal Re1h4,Re1e8]} Be7 13. Bd3 Qb6 14. f5 b4 15. Ne2 Qe3+
16. Kb1 Bxe4 17. fxe6 fxe6 18. Bxe4 Qxe4 19. Qf2 $5 $146 {1-0 Almasi,Z-Acs,P/
Heviz 2003/CBM 096/[Gofshtein,L] (43)}) 11... Qb6 12. Nxc6 Bxc6 13. f5 {
White starts to attack Black's central pawn e6, which covers the important d5
square.} (13. Qe1 Be7 14. f5 Qc5 15. Bd3 a5 16. Ne2 {[%cal Re2g3,Ye2f4,Yf4e6,
Yf4h5,Rg3h5] 1-0 Minasian,A-Alekseev,E/Istanbul 2003/CBM 096/[Gofshtein,L] (32)
}) (13. Re1 Be7 14. f5 h5 15. g3 Qc5 16. fxe6 fxe6 17. Bh3 Bd7 18. Ne2 Qe5 19.
Nf4 Rg8 20. Rhf1 Rc8 21. Qe2 $14 {1-0 Li Shilong-Yakovich,Y/Beijing 1997/CBM
061/[Hecht] (70)}) (13. Bd3 b4 14. Ne2 h5 15. Rhf1 a5 16. f5 $2 e5 17. Ng1 Qc5
18. Qe2 a4 $40 {0-1 Short,N-Kozul,Z/Belgrade 1989/CBM 016/[Boensch,U] (31)})
13... b4 14. Ne2 e5 {preventing occupation of the f4 aquare from White's
knight.} (14... Bxe4 {looks very dangerous for black, in view of} 15. fxe6 fxe6
16. Nf4 d5 17. Bd3 O-O-O 18. Bxe4 dxe4 19. Qe2 Rxd1+ 20. Rxd1 e3 21. Qf3 Bd6
22. Nxe6 Re8 23. Nd4 $14 {1/2-1/2 Sadvakasov,D-Yermolinsky,A/Stratton Mountain
2000/EXT 2001 (42)}) 15. Ng3 {with the idea to transfer the knight to h5.} h5
$1 (15... Qc5 16. Nh5 Ke7 17. Bd3 Rg8 18. Rhg1 Rg5 19. g4 Bh6 20. Qe2 Rgg8 21.
Rg3 $14 {0-1 Brkic,A-Jankovic,A/Solin-Split CRO 2004/The Week in Chess 527 (68)
}) 16. h4 {fixing Black's pawn on h5, which may become a comfortable target
for White's pieces.} (16. Be2 Qc5 $6 (16... h4 $142 17. Nh5 Rh6 $13) 17. Bxh5
Ke7 18. Qd3 Ra7 19. Qb3 $16 {1-0 Byrne,R-Oppitz,P/New York 1986/EXT 97 (47)})
16... Bh6 {Black sacrifices a pawn, activating all his pieces. The
alternatives are:} (16... Rd8 17. Bc4 a5 18. Qe2 Qc5 19. b3 Ke7 20. Nxh5 a4 21.
g4 Rxh5 22. gxh5 Bh6 23. Rhg1 Ra8 24. Rg3 Qa7 25. Bxf7 Qb7 26. Qc4 {1-0
Tiviakov,S-Galliamova,A/Elista 1998/CBM 065 (26)}) (16... a5 17. Bc4 Rc8 18.
Qe2 Qc5 19. b3 a4 20. Rhe1 Ke7 21. Nxh5 axb3 22. axb3 $4 (22. cxb3 $142 $14)
22... Ra8 $19 {0-1 Ris,R-Czarnota,P/Urgup 2004/EXT 2005 (35)}) (16... Qc5 {
[%csl Rc4]} 17. Qe2 a5 18. Nxh5 Be7 19. g4 a4 20. Rh3 {[%cal Rh3a3]} a3 21. b3
Rc8 22. Qg2 {[%cal Rf1c4]} Qb6 23. Bc4 Bb7 $18 {1-0 Lastin,A-Spraggett,K/
Moscow 2004/CBM 100/[Gofshtein,L] (36)}) 17. Qxd6 ({Worth consideration:} 17.
Qe2 $5) 17... Rd8 {That is the point of Black's pawn sacrifice. Black
exchanges the queens, which will leave him a pair of active bishops with the
rook against White's R+B+N.} 18. Qxd8+ Qxd8 19. Rxd8+ Kxd8 20. Nxh5 (20. Bxa6 {
leads to an unclear position:} Bf4 (20... Rg8 21. Nxh5 Ke7 22. Bd3 Rxg2 23. a3
bxa3 24. bxa3 Be3 $13) 21. Ne2 Bh6 22. Bd3 Rg8 23. g3 Rg4 24. Rd1 Kc7 25. c3
Bxe4 $132) 20... Ke7 $146 {In the previous game Black achieved the draw after}
(20... Bxe4 21. Nxf6 Bxf5 22. Bxa6 Be6 23. Be2 (23. Bb7 $5) 23... Ke7 24. Rf1
Be3 25. g3 Bd4 26. Ne4 Bh3 27. Rf6 Be6 28. Rf1 Bh3 29. Rf6 Be6 30. Rf1 {
1/2-1/2 Cheparinov,I-Damljanovic,B/Zaragoza 2004/CBM 099 ext (30)}) 21. Bd3 Be3
{Currently, White is two pawns up, but Black has some compensation, thanks to
a pair of active bishops and White's vulnerable pawns of the kingside. It is
known, that R+B coordinate much better, than R+N.} 22. Rh3 {After the
following continuations White doesn't achieve a clear advantage as well:} (22.
g4 Rg8 {and White loses one of his kingside pawns.}) (22. Ng3 Bf2 (22... Rg8
23. Nf1 $16 {[%cal Gg2g3]}) 23. Ne2 Rxh4 $44) 22... Rxh5 ({Worth consideration:
} 22... Bf2 $5 23. g4 Rg8 24. Rh2 Be1 25. Be2 Bxe4 26. Kc1 $14 {/=}) 23. Rxe3
Rxh4 $44 {White has succeeded to exchange one of Black's bishops, but Black
still has some serious compensation, thanks to the more active pieces. It
should be noted, that all White's kingside pawns are located on the light
squares, which makes them very vulnerable in this endgame.} 24. a3 {trying to
create a weakness in Black's camp.} a5 $1 {Black's monarch is active enough to
protect the b4 pawn.} 25. axb4 axb4 26. Ka2 Kd6 27. Kb3 Kc5 {In the nick of
the time!} 28. Rh3 {White understood, that he has to activate his pieces,
otherwise, it is not easy to find good moves for the first player.} ({For
instance:} 28. c3 Rg4 29. g3 Rg8 30. cxb4+ (30. Kc2 Rh8 $44) 30... Kd4 $132)
28... Rg4 29. Rh6 Rg3 $1 {[%cal Gc6e4] driving away White's king from the
active position to passive one.} 30. Ka2 b3+ $1 {In this way, Black succeeds
to destroy White's pawn construction in the centre.} 31. Kxb3 Bxe4 32. Rh3 (32.
Rxf6 {leads to drawish endgame:} Bxd3 33. cxd3 Rxd3+ 34. Kc2 Rg3 35. Rxf7 Rxg2+
$11) 32... Bd5+ 33. Ka3 {Other moves are not better:} (33. c4 Bxc4+ 34. Kc3 Rg4
$15 (34... Rxd3+ 35. Rxd3 Bxd3 36. Kxd3 Kb4 $11)) (33. Kc3 Rxg2 34. b4+ Kd6 {
[%cal Ge5e4]} 35. Rh4 Rg3 $11) 33... Rg8 $1 {[%cal Gg8a8] Black wins some time,
forcing White to parry mate threats.} (33... Rxg2 34. b4+ Kd6 (34... Kd4 35.
c3+ Kxc3 36. Bf1+ $18) 35. c4 $16) 34. b4+ Kd4 35. Ba6 ({Worse was} 35. c3+
Kxc3 36. Be4+ Kd4 37. Bxd5 Kxd5 $15) 35... e4 (35... Bxg2 36. Rd3+ Ke4 37. b5
Kxf5 $13) 36. c3+ Ke5 37. b5 Kf4 38. Kb4 {activating the monarch. Both
opponents push forward their passed pawns.} ({Of course not} 38. b6 $4 Ra8 $19)
38... e3 39. b6 Bxg2 40. Rh2 Bf3 (40... Kxf5 {leads to a draw as well:} 41. Kc5
Bf3 42. b7 Rb8 43. Rb2 e2 44. Bxe2 Rxb7 $11) 41. Kc5 Re8 (41... Kxf5 42. b7 $11
) 42. Rb2 Kxf5 (42... e2 {is also possible.} 43. Bxe2 Bxe2 44. b7 Rb8 45. Rxe2
Rxb7 46. Rf2+ Ke5 47. c4 Rb8 $11) 43. b7 Bxb7 44. Rxb7 e2 45. Bd3+ Kg4 46.
Bxe2+ Rxe2 47. Rxf7 f5 48. c4 f4 1/2-1/2

[Event "Interzonal-14a"]
[Site "Subotica"]
[Date "1987.??.??"]
[Round "8"]
[White "Ernst, Thomas"]
[Black "Popovic, Petar"]
[Result "1-0"]
[WhiteElo "2455"]
[BlackElo "2570"]
[Annotator "Ernst,T"]
[PlyCount "47"]
[EventDate "1987.06.??"]
[EventType "tourn"]
[EventRounds "17"]
[EventCountry "YUG"]
[EventCategory "11"]
[SourceTitle "CBM 003"]
[Source "ChessBase"]
[SourceDate "1988.04.01"]
[SourceVersion "1"]
[SourceVersionDate "1988.04.01"]
[SourceQuality "1"]

1. e4 c5 2. Nf3 d6 3. d4 cxd4 4. Nxd4 Nf6 5. Nc3 Nc6 6. Bg5 e6 7. Qd2 a6 8.
O-O-O Bd7 9. f4 b5 10. Bxf6 gxf6 11. Nxc6 Bxc6 12. Qe1 $1 (12. Qe3 Qe7 $10)
12... Be7 13. Bd3 Qb6 14. Kb1 b4 (14... a5 15. Qe2 Rb8 16. Rhe1 $1 $16) 15. Ne2
a5 16. f5 $1 {16.Qg3!?} e5 17. Ng3 Qc5 $1 18. Qe2 $1 (18. b3 a4 19. Bc4 axb3
20. cxb3 O-O $10 {Ernst-Schneider/Karlskrona/1983/SVE-ch/}) 18... a4 19. Bc4
O-O (19... a3 20. b3 O-O 21. Qd3 $1 $16) 20. Nh5 Kh8 21. Rhf1 a3 $2 (21... Rfc8
$1 $8 {/\22...Be4} 22. b3 axb3 (22... Ra7 $1 23. Rf3 axb3 24. Bxb3 (24. cxb3
Rca8 $13) 24... Ba4 25. Rg3 Bxb3 26. cxb3 $14) 23. cxb3 Ra3 24. Rc1 Qd4 25. Bd5
Rca8 26. Rxc6 Rxa2 27. Qxa2 $18) 22. Rf3 $1 $18 axb2 23. Rh3 Rg8 (23... Ra3 24.
Qg4 Rg8 25. Nxf6 $18) 24. Nxf6 (24. Nxf6 Bxf6 25. Rxh7+ Kxh7 26. Qh5+ Kg7 27.
Qxf7+ Kh6 (27... Kh8 28. Qh5+ Kg7 29. Qg6+ Kh8 30. Qh6#) 28. Qxf6+ Kh5 (28...
Kh7 29. Qh4+ Kg7 30. Qg5+ $16) 29. Be2+ Rg4 30. Qg6+ Kh4 31. Qxg4#) 1-0

[Event "Olympiad-31"]
[Site "Moscow"]
[Date "1994.12.12"]
[Round "11.2"]
[White "Akopian, Vladimir Eduardovic"]
[Black "Kozul, Zdenko"]
[Result "1/2-1/2"]
[WhiteElo "2630"]
[BlackElo "2575"]
[Annotator "Ernst,T"]
[PlyCount "101"]
[EventDate "1994.12.01"]
[EventType "team-swiss"]
[EventRounds "14"]
[EventCountry "RUS"]
[SourceTitle "CBM 045"]
[Source "ChessBase"]
[SourceDate "1995.04.01"]
[SourceVersion "1"]
[SourceVersionDate "1995.04.01"]
[SourceQuality "1"]
[WhiteTeam "Armenia"]
[BlackTeam "Croatia"]
[WhiteTeamCountry "ARM"]
[BlackTeamCountry "CRO"]

1. e4 c5 2. Nf3 d6 3. d4 cxd4 4. Nxd4 Nf6 5. Nc3 Nc6 6. Bg5 e6 7. Qd2 a6 8.
O-O-O Bd7 9. f4 h6 10. Bh4 g5 {[#]} 11. fxg5 Ng4 12. Be2 (12. Nxc6 Bxc6 13. Qf4
(13. Be2 $142 Ne5 {- 12.Be2}) 13... hxg5 14. Bxg5 Qxg5 15. Qxg5 Bh6 16. Qxh6
Rxh6 17. Rxd6 Nf2 18. Rg1 Rxh2 $44 {Slobodjan,R-Heinbuch,D/Bonn GSK (11)/ 1995
0,5 (26)/CBM 45}) 12... Nge5 13. Nxc6 Bxc6 14. g3 Ng6 15. Kb1 {[#]} (15. Rhf1
$5 Nxh4 16. gxh4 hxg5 17. hxg5 Rxh2 (17... Be7 $142 $10) 18. Rxf7 $1 (18. Qf4
Rh7 19. g6 $2 Bh6 20. gxh7 Qf6 $1 21. Kb1 Bxf4 22. Rxf4 Qh6 $19) 18... Kxf7 19.
Qf4+ Ke8 20. Qxh2 Qxg5+ 21. Kb1 $14) 15... Be7 (15... h5 16. Rhf1 $14 {
Cseshkovsky,V-Fahnenschmidt,G/Baden-Baden/1988 1-0 (43)/ Inf 46/266}) 16. gxh6
Nxh4 (16... Bxh4 $2 17. gxh4 Qxh4 18. Qxd6 $16 {Marjanovic,S-Popovic,P/Beograd/
1987 0,5 (43)/ Inf 44/250}) 17. gxh4 Bf6 $146 {[#]} (17... Qc7 $2 18. Rhf1 $16)
(17... Bf8 18. h5 Qf6 (18... Rxh6 $6 19. Rhg1 Qe7 20. Rg8 $14 O-O-O 21. Qd4 Rh7
22. a4 Qc7 23. Rdg1 Bh6 24. Qf6 Be8 $2 (24... Bf8 $16) 25. Nd5 $1 $18 Qc5 26.
b4 Qa7 27. Qc3+ {1-0/Ioseliani,N - Galliamova-Ivanchuk,A/Tilburg/1994}) 19. Qe3
Bxh6 20. Qb6 Qe5 21. Qc7 Bg5 $5 (21... Bf8 22. Rhf1 (22. Bxa6 $2 Rxa6 23. Qc8+
Ke7 24. Qc7+ Bd7 25. Qxb7 Rc6 $17) 22... Be7 {- 21..Bg5}) 22. Rhf1 (22. Qxd6
Qxd6 23. Rxd6 Bf6 24. Bf3 $14) 22... Be7 23. Rf2 Rd8 24. Rdf1 Rd7 25. Qc8+ Rd8
26. Qc7 $10 {Polgar,S-Ryskin,A/Ljubljana Op/1994 0,5 (28)}) (17... Bxh4 18.
Qxd6 Qxd6 19. Rxd6 Rxh6 $14) 18. Rhf1 Qe7 19. Bg4 {/\ עe8} (19. Qf4 $5 Be5 20.
Qg5) (19. Qxd6 $6 Qxd6 20. Rxd6 Bxc3 21. bxc3 Bxe4 $15) (19. Bh5 $1 {/\ 20.Qf4}
O-O-O 20. Qf4 Bxc3 (20... Bxh4 21. Bxf7 $18 {/\ 22.Bxe6+}) 21. bxc3 $16) 19...
Be5 (19... O-O-O $2 20. Nd5 Bxd5 21. exd5 $16 Bxh4 $2 22. Rxf7 $18) (19... Bxh4
$6 20. Qxd6 $16) 20. Qg5 Qxg5 21. hxg5 Ke7 $44 {^^} 22. h4 f6 23. Rg1 Rag8 24.
Bf3 Bf4 25. Rg4 fxg5 26. hxg5 Be3 $6 (26... Bxg5 27. Rdg1 {- 26..Be3 27.Re1})
27. Re1 (27. Nd5+ $1 Bxd5 28. exd5 e5 29. Rb4 $16) 27... Bxg5 28. Reg1 Rf8 $1
$8 (28... Kf6 $2 29. e5+ dxe5 30. Bxc6 bxc6 31. Ne4+ $18) 29. Rxg5 Rxf3 30. Rh5
Rf6 31. Rgh1 Rf4 32. b3 Rh7 (32... Bxe4 33. Nxe4 Rxe4 $14) 33. Re1 Rf6 34. Reh1
Rf4 35. R5h4 Rxh4 36. Rxh4 Kf6 37. Rh1 Ke5 (37... Kg5 $2 38. Rd1) 38. Kc1 Bxe4
39. Re1 d5 40. Nxe4 dxe4 41. Rh1 Kf4 42. Kd2 Kg5 43. Rg1+ (43. Ke3 Rxh6 44.
Rxh6 Kxh6 45. Kxe4 Kg6 46. Ke5 Kf7 $10 47. c4 Ke7 48. b4 Kd7 49. a4 b6 50. a5
bxa5 51. bxa5 Ke7 52. c5 Kd7 53. c6+ $10) 43... Kf6 (43... Kxh6 44. Ke3 Rg7 45.
Rf1 Kg6 46. Kxe4 Rf7) 44. Rf1+ Kg6 45. Ke3 Rxh6 46. Rf2 $10 Rh4 47. c4 a5 48.
Rf8 Rh2 49. Kxe4 Rxa2 50. Rb8 a4 51. bxa4 1/2-1/2